• 首页
  • 本馆介绍
  • 公告通知
  • 最新文献
  • 馆藏检索
  • 电子资源
  • 读者导购
  • 参考咨询
  • 我的图书馆
  • 登录
  • 详细信息显示
  • 放入我的书架
  • 预约/预借图书
  • 作者相关作品
  • 分类相关作品
  • 丛书相关作品
  • 出版社相关作品

书目信息

  • 表格格式
  • 工作单格式
  • 卡片格式
书名: Explaining the atom
作者: by Selig Hecht ..
分册号:
分册名:
出版地: New York :
 
出版社: The Viking Press
出版时间: 1947.
页数: xiv, 205 p. :
开本: 22 cm.
丛书名:
中图分类号:
科图分类号:
其他分类号: O562.1
主题词:
电子资源:
000 00905cam a22003011 450
001 E0762077285
005 20070429171548.03
008 730413s1947 nyua 000 0 eng
010    @a47002792
035    @A(DLC) 47002792
035    @a(OCoLC)603584
040    @aDLC@cOKentU@dOCoLC@dDLC
042    @apremarc
050 00 @aQC173@b.H375
082    @a541.2
090    @aO562.1
099    @dO562.1@ex5
100 1  @aHecht, Selig,@d1892-1947.
245 10 @aExplaining the atom / @cby Selig Hecht ..
260    @aNew York :@bThe Viking Press,@c1947.
300    @axiv, 205 p. :@billus., diagrs. ;@c22 cm.
500    @a"First published ... April 1947."
650  0 @aNuclear energy.
650  0 @aAtoms.
650  0 @aNuclear physics.
906    @a7@bcbc@coclcrpl@du@encip@f19@gy-gencatlg
985    @eOCLC REPLACEMENT cdsdistr
991    @bc-GenColl@hQC173@i.H375@p0003665675A@tCopy 1@wOCLCREP
    
    Explaining the atom / / by Selig Hecht ..-New York : : The Viking Press, , 1947.
    xiv, 205 p. : : illus., diagrs. ; ; 22 cm.
    "First published ... April 1947."
    
    ISBN
    
●
相关链接 在E读中查询图书 在五车中查询图书 在当当中查询图书 在豆瓣中查询图书


正题名:Explaining the atom     索取号:O562.1/x5         预约/预借

序号 登录号 条形码 馆藏地/架位号 状态 备注
1 6121   300061215   第二样本阅览室/ [索取号:O562.1/x5] 在馆    
唐山师范学院图书馆 欢迎您!
大连网信软件有限公司© 版权所有